000 00589cam a2200193 4500500
005 20260329002401.0
041 _afre
042 _adc
100 1 0 _aDuru, Martin
_eauthor
245 0 0 _aJacques Roubaud. « Le mot ‘vanité’ m’a paru inadéquat »
260 _c2012.
500 _a91
690 _aBible
690 _aPoésie
690 _aTraduction
690 _aVanité
786 0 _nPhilosophie magazine | 58 | 4 | 2012-04-01 | p. 39-40 | 1951-1787
856 4 1 _uhttps://shs.cairn.info/magazine-philosophie-magazine-2012-4-page-39?lang=fr&redirect-ssocas=7080
999 _c1814421
_d1814421